100 methods for total quality management / (Record no. 128941)

MARC details
000 -LEADER
fixed length control field 00794nam a22002417a 4500
005 - DATE AND TIME OF LATEST TRANSACTION
control field 20170124110048.0
010 ## - LIBRARY OF CONGRESS CONTROL NUMBER
LC control number A-822396
020 ## - INTERNATIONAL STANDARD BOOK NUMBER
Terms of availability 00.00
International Standard Book Number 8170365716
035 ## - SYSTEM CONTROL NUMBER
System control number A-822396
037 ## - SOURCE OF ACQUISITION
Source of stock number/acquisition Cen Lib/Ret
040 ## - CATALOGING SOURCE
Original cataloging agency DPL
Language of cataloging EN
082 ## - DEWEY DECIMAL CLASSIFICATION NUMBER
Classification number 658
Item number KAN
100 ## - MAIN ENTRY--PERSONAL NAME
Personal name Kanji, Gopal K.
9 (RLIN) 24889
245 ## - TITLE STATEMENT
Title 100 methods for total quality management /
Statement of responsibility, etc by Gopal K. Kanji [and] Mike Asher
246 ## - VARYING FORM OF TITLE
Title proper/short title Hundred methods for total quality management
260 ## - PUBLICATION, DISTRIBUTION, ETC. (IMPRINT)
Place of publication, distribution, etc New Delhi
Name of publisher, distributor, etc Response Books
Date of publication, distribution, etc 1996
270 ## - ADDRESS
City New Delhi
Address 32M block market, greater kailash -1
Postal code 110048
300 ## - PHYSICAL DESCRIPTION
Extent vi,237p.
Dimensions 21cm(Hb)
500 ## - GENERAL NOTE
General note Includes bibliographical references and index
650 ## - SUBJECT ADDED ENTRY--TOPICAL TERM
Topical term or geographic name as entry element TQM methods
9 (RLIN) 24890
650 ## - SUBJECT ADDED ENTRY--TOPICAL TERM
Topical term or geographic name as entry element Management
Form subdivision
9 (RLIN) 24891
942 ## - ADDED ENTRY ELEMENTS (KOHA)
Source of classification or shelving scheme Dewey Decimal Classification
Koha item type English Books
Classification part 658
Call number suffix KAN
Holdings
Withdrawn status Lost status Damaged status Not for loan Home library Current library Date acquired Source of acquisition Cost, normal purchase price Total Checkouts Full call number Barcode Date last seen Copy number Cost, replacement price Price effective from Koha item type
        Central Library Central Library 03/07/2015 Cen Lib/Ret 0.00   658 KAN A-822396 03/07/2015 1 0.00 03/07/2015 English Books

© Delhi Public Library
Hit Counter
free hit counter